Village animal health work service on cattle raising in kohthom disrtict, kandal provine, សេវាកម្មភ្នាក់ងារសុខភាពសត្វភូមិទៅលើការចិញ្ចឹមគោនៅស្រុកកោះធំ ខេត្តកណ្តាល (Record no. 2769)

000 -LEADER
fixed length control field 00671nam a22001577a 4500
003 - CONTROL NUMBER IDENTIFIER
control field OSt
005 - DATE AND TIME OF LATEST TRANSACTION
control field 20151028143818.0
008 - FIXED-LENGTH DATA ELEMENTS--GENERAL INFORMATION
fixed length control field 151027b xxu||||| |||| 00| 0 eng d
040 ## - CATALOGING SOURCE
Transcribing agency RUA
082 ## - DEWEY DECIMAL CLASSIFICATION NUMBER
Classification number AVM CHH 2013 B111 Or.1
100 ## - MAIN ENTRY--PERSONAL NAME
9 (RLIN) 2954
Personal name CHHENG, CHHAYRITH.
245 ## - TITLE STATEMENT
Title Village animal health work service on cattle raising in kohthom disrtict, kandal provine, សេវាកម្មភ្នាក់ងារសុខភាពសត្វភូមិទៅលើការចិញ្ចឹមគោនៅស្រុកកោះធំ ខេត្តកណ្តាល
260 ## - PUBLICATION, DISTRIBUTION, ETC. (IMPRINT)
Place of publication, distribution, etc. Phnom Penh
Name of publisher, distributor, etc. RUA
Date of publication, distribution, etc. 2013
300 ## - PHYSICAL DESCRIPTION
Extent xi; 49p.
Other physical details ill.
Dimensions 29cm.
942 ## - ADDED ENTRY ELEMENTS (KOHA)
Source of classification or shelving scheme
Koha item type AVM
Holdings
Price effective from Date last seen Permanent Location Not for loan Date acquired Source of classification or shelving scheme Koha item type Barcode Lost status Damaged status Shelving location Withdrawn status Current Location Full call number
2015-10-272015-10-27Library Block B 2015-10-27 AVMRUA015739  B111 Library Block BAVM CHH 2013 B111 Or.1
2015-10-272015-10-27Library Block B 2015-10-27 AVMRUA016464  B111 Library Block BAVM CHH 2013 B111 Or.2
2015-10-272015-10-27Library Block B 2015-10-27 AVMRUA016320  B111 Library Block BAVM CHH 2013 B111 Or.3
2015-10-272015-10-27Library Block B 2015-10-27 AVMRUA016392  B111 Library Block BAVM CHH 2013 B111 Or.4
2015-10-272015-10-27Library Block B 2015-10-27 AVMRUA016463  B111 Library Block BAVM CHH 2013 B111 Or.5
2015-10-272015-10-27Library Block B 2015-10-27 AVMRUA016391  B111 Library Block BAVM CHH 2013 B111 Or.6
2015-10-282015-10-28Library Block B 2015-10-28 AVMRUA015809  B111 Library Block BAVM CHH 2013 B111 Or.7
2015-10-282015-10-28Library Block B 2015-10-28 AVMRUA015737  B111 Library Block BAVM CHH 2013 B111 Or.8
2019-06-192019-06-19Library Block B 2019-06-19 AVMA37216  B1.238 Library Block BAVM CHH 2013 B1.238 Or.1
2019-06-192019-06-19Library Block B 2019-06-19 AVMA36262  B1.238 Library Block BAVM CHH 2013 B1.238 Or.1
មជ្ឈមណ្ឌលឯការនៃសាកលវិទ្យាល័យភូមិន្ទកសិកម្មចំការដូង

Powered by Koha